000 00978nam a22002657a 4500
005 2008090307237.0
008 080903t xxu||||| |||| 00| 0 eng d
010 _aENG-90894
020 _a9788178803470
_c700.00
035 _aEN-74427
037 _bDBAD / PUB
040 _aDPL
_bEnglish
082 _a635.75
100 _aGupta, S.K.
245 _aCultivation of herbs and flowers /
_cby S.K. Gupta
260 _aNew Delhi
_bRajat Publications
_c2008
270 _a4675/21, Ansari Raod, Darya Ganj,
_bNew Delhi
_e110002
300 _av, 275p.
_c23 cm (Hb)
500 _aIncludes bibliographical references and index
650 _aHerb gardening
650 _aFlower gardening
650 _aMedicinal plants
_xTherapeutic use
_zAsia
942 _2ddc
_cEN
_mGUP
_h635.75
999 _c15311
_d15311